[Event "Leipzig VfB op 21st"]
[Site "Leipzig"]
[Date "2014.03.06"]
[Round "5"]
[White "Didt, Hartmut"]
[Black "Caprita, Victor"]
[Result "1-0"]
[WhiteElo "1884"]
[BlackElo "1617"]
[PlyCount "60"]
[EventDate "2014.03.04"]
[EventType "tourn"]
[EventRounds "9"]
[EventCountry "GER"]
[SourceTitle "CBM 159 Extra"]
[Source "ChessBase"]
[SourceDate "2014.04.24"]
[SourceVersion "1"]
[SourceVersionDate "2014.04.24"]
[SourceQuality "1"]

1. e4 e6 2. d4 d5 3. Nd2 Nf6 4. e5 Nfd7 5. f4 c5 6. c3 Nc6 7. Ndf3 Qb6 8. Ne2 Be7 9. g3 0-0 10. Bh3 cxd4 11. cxd4 Qb4+ 12. Kf2 Qa5 13. Kg2 b5 14. Rf1 Ba6 15. f5 exf5 16. Bxf5 Qc7 17. Nf4 Nb6 18. e6 f6 19. Qc2 Rfc8 20. Bxh7+ Kf8 21. Qg6 Nd8 22. Ne5 b4 23. Rf2 Bb5 24. Nh5 Bd6 25. Rxf6+ Ke7 26. Qxg7+ Nf7 27. Rxf7+ Kd8 28. Qg8+ Be8 29. Bg5+ Be7 30. Bxe7+ Qxe7 1-0

[Event "GER-chT U14"]
[Site "Magdeburg"]
[Date "2013.12.27"]
[Round "2.2"]
[White "Caprita, Victor"]
[Black "Toptschiev, David"]
[Result "0-1"]
[WhiteElo "1592"]
[BlackElo "1708"]
[PlyCount "103"]
[EventDate "2013.12.27"]
[EventType "team-swiss"]
[EventRounds "4"]
[EventCountry "GER"]
[SourceTitle "EXT 2015"]
[Source "ChessBase"]
[SourceDate "2014.11.20"]
[SourceVersion "1"]
[SourceVersionDate "2014.11.20"]
[SourceQuality "1"]
[WhiteTeam "Leipzig Gruen Weiss"]
[BlackTeam "Baden-Baden U14"]
[WhiteTeamCountry "GER"]
[BlackTeamCountry "GER"]

1. d4 Nf6 2. c4 e6 3. Nc3 d5 4. Bg5 c6 5. e3 Bd6 6. Nf3 Nbd7 7. cxd5 cxd5 8. Bd3 a6 9. Qc2 h6 10. Bh4 b5 11. 0-0 Bb7 12. Rac1 Rc8 13. Qe2 Nb6 14. e4 g5 15. e5 gxh4 16. exd6 h3 17. Rfe1 hxg2 18. Bf5 0-0 19. d7 Nbxd7 20. Bh3 Kh7 21. Qd3+ Ne4 22. Nd2 f5 23. Ndxe4 dxe4 24. Qb1 Qg5 25. Re3 Rg8 26. Rg3 Qd2 27. Rd1 Qf4 28. Bxg2 Rxg3 29. hxg3 Qd6 30. Bh3 Qc6 31. d5 Qb6 32. dxe6 Qxe6 33. Re1 Qf7 34. f3 b4 35. Nd1 Qh5 36. Nf2 Qxf3 37. Kf1 a5 38. Bg2 Ba6+ 39. Kg1 Qxg3 40. Nxe4 Qd3 41. Qxd3 Bxd3 42. Nd6 Rc7 43. Re7+ Kg6 44. Ne8 Rc1+ 45. Kf2 Rc2+ 46. Ke3 Re2+ 47. Kxd3 Rxe7 48. Nd6 Kf6 49. Nc4 Nc5+ 50. Kd4 Nb7 51. Nb6 Rg7 52. Nd5+ 0-1

[Event "Sachsen-ch U14"]
[Site "Sebnitz"]
[Date "2013.04.02"]
[Round "1"]
[White "Herbrig, Alexander"]
[Black "Caprita, Victor"]
[Result "1/2-1/2"]
[WhiteElo "1785"]
[BlackElo "1463"]
[PlyCount "121"]
[EventDate "2013.04.02"]
[EventType "swiss"]
[EventRounds "7"]
[EventCountry "GER"]
[SourceTitle "EXT 2014"]
[Source "ChessBase"]
[SourceDate "2013.11.20"]
[SourceVersion "1"]
[SourceVersionDate "2013.11.20"]
[SourceQuality "1"]

1. e4 e6 2. d4 d5 3. Nd2 Nf6 4. e5 Nfd7 5. Ngf3 c5 6. c4 dxc4 7. Nxc4 cxd4 8. Qxd4 Qc7 9. Nd6+ Bxd6 10. exd6 Qc5 11. Qxg7 Rf8 12. Bf4 Qb4+ 13. Qc3 Nc6 14. Bh6 Qe4+ 15. Qe3 Qb4+ 16. Qc3 Qe4+ 17. Be2 Rg8 18. Rc1 Nb6 19. Be3 Nd5 20. Qd3 Qxd3 21. Bxd3 Nxe3 22. fxe3 Rxg2 23. Rc2 Rxc2 24. Bxc2 Bd7 25. Rg1 0-0-0 26. Bxh7 Be8 27. Rg8 Bd7 28. h4 e5 29. h5 e4 30. h6 exf3 31. Rxd8+ Nxd8 32. Bg8 Bf5 33. h7 Bxh7 34. Bxh7 Kd7 35. Kf2 Kxd6 36. Kxf3 Ne6 37. Bc2 b6 38. Ke4 f6 39. b3 a5 40. a4 Nc5+ 41. Kd4 Ne6+ 42. Kc4 Nc7 43. Bf5 Ke5 44. Bb1 Kd6 45. Be4 Ke5 46. Bc2 Kd6 47. Kd4 Nd5 48. Bd3 Nc7 49. Ke4 Ke7 50. Bc4 Kd6 51. Kf5 Ke7 52. e4 Ne8 53. e5 fxe5 54. Kxe5 Nd6 55. Bb5 Nb7 56. Kd5 Nd8 57. Bc6 Ne6 58. Ke5 Nd8 59. Bb5 Nb7 60. Kd5 Nd8 61. Bc6 1/2-1/2

[Event "Leipzig VfB op 20th"]
[Site "Leipzig"]
[Date "2013.03.07"]
[Round "5"]
[White "Pauscher, Wolfgang"]
[Black "Caprita, Victor"]
[Result "1-0"]
[WhiteElo "1806"]
[BlackElo "1429"]
[PlyCount "151"]
[EventDate "2013.03.05"]
[EventType "swiss"]
[EventRounds "9"]
[EventCountry "GER"]
[SourceTitle "EXT 2014"]
[Source "ChessBase"]
[SourceDate "2013.11.20"]
[SourceVersion "1"]
[SourceVersionDate "2013.11.20"]
[SourceQuality "1"]

1. e4 e6 2. d4 d5 3. Nc3 Nf6 4. e5 Nfd7 5. f4 c5 6. Nf3 Nc6 7. Be3 Be7 8. Qd2 cxd4 9. Nxd4 Bc5 10. 0-0-0 Nxd4 11. Bxd4 a6 12. Bxc5 Nxc5 13. Qf2 Qc7 14. Qf3 0-0 15. Bd3 b5 16. a3 Qb6 17. Qh3 Nxd3+ 18. Qxd3 Rb8 19. Qd4 Bd7 20. Qxb6 Rxb6 21. Rd4 a5 22. Re1 Rc8 23. Na2 Ra8 24. Re3 Rc8 25. Rc3 Rc4 26. Rcd3 Rbc6 27. c3 Rxd4 28. Rxd4 Rc4 29. Kd2 f6 30. Kd3 Kf7 31. b3 Rc7 32. Nc1 Kg6 33. Ne2 Be8 34. g4 Kh6 35. exf6 gxf6 36. f5 Bf7 37. fxe6 Bxe6 38. Nf4 Bxg4 39. Nxd5 Bf5+ 40. Kd2 Rg7 41. Ne3 Be6 42. c4 bxc4 43. bxc4 Rd7 44. Rxd7 Bxd7 45. Nd5 Be6 46. Ke3 Kg5 47. Nb6 Bf7 48. c5 Be8 49. Nc4 Bb5 50. Nxa5 Kg4 51. c6 Ba6 52. c7 Kh3 53. Nc4 Kxh2 54. Nd6 h5 55. Kf4 h4 56. Kf3 Kg1 57. Kg4 Kf2 58. Kxh4 Ke3 59. c8Q Bxc8 60. Nxc8 Kd4 61. Nb6 Kc5 62. Na4+ Kb5 63. Nb2 Kc5 64. Kg4 Kd4 65. Kf5 Kc3 66. a4 Kb4 67. Kxf6 Ka5 68. Ke6 Kb4 69. Kd5 Ka5 70. Kc5 Ka6 71. Nc4 Ka7 72. Kb5 Kb7 73. a5 Ka7 74. Nd6 Ka8 75. Kb6 Kb8 76. Nb5 1-0

[Event "Leipzig VfB op 20th"]
[Site "Leipzig"]
[Date "2013.03.05"]
[Round "1"]
[White "Caprita, Victor"]
[Black "Dunne, Paul"]
[Result "0-1"]
[WhiteElo "1429"]
[BlackElo "1914"]
[PlyCount "61"]
[EventDate "2013.03.05"]
[EventType "swiss"]
[EventRounds "9"]
[EventCountry "GER"]
[SourceTitle "EXT 2014"]
[Source "ChessBase"]
[SourceDate "2013.11.20"]
[SourceVersion "1"]
[SourceVersionDate "2013.11.20"]
[SourceQuality "1"]

1. d4 d5 2. c4 e6 3. Nc3 c5 4. dxc5 Nf6 5. Bg5 Bxc5 6. cxd5 Bxf2+ 7. Kxf2 Ng4+ 8. Ke1 Qxg5 9. Ne4 Qe5 10. Qc2 0-0 11. Nf3 Ne3 12. Qb1 Qxd5 13. Nfg5 f5 14. Nc3 Qd8 15. Nf3 Nc6 16. Qc1 Nb4 17. Rb1 Qb6 18. g3 Nbc2+ 19. Kf2 Ng4+ 20. Kg2 Nce3+ 21. Kg1 Nxf1+ 22. Kg2 Nfe3+ 23. Kg1 Nd5+ 24. Kg2 Nde3+ 25. Kg1 Bd7 26. a3 Bc6 27. b4 Bxf3 28. exf3 Nc4+ 29. Kg2 Qf2+ 30. Kh3 Rf6 31. Kh4 0-1

[Event "GER-ch Net qual2 U14"]
[Site "Playchess.com INT"]
[Date "2012.09.05"]
[Round "4"]
[White "Caprita, Victor"]
[Black "Wastian, Mareike"]
[Result "1-0"]
[WhiteElo "1336"]
[BlackElo "1487"]
[PlyCount "61"]
[EventDate "2012.09.05"]
[EventType "swiss (blitz)"]
[EventRounds "7"]
[EventCountry "GER"]
[SourceTitle "CBM 150 Extra"]
[Source "ChessBase"]
[SourceDate "2012.10.19"]
[SourceVersion "1"]
[SourceVersionDate "2012.10.19"]
[SourceQuality "1"]

1. d4 d5 2. c4 e6 3. Nc3 c5 4. e3 Nf6 5. Bd2 Be7 6. Bd3 cxd4 7. exd4 dxc4 8. Bxc4 Nc6 9. Nf3 0-0 10. Bf4 Bd6 11. Bg3 Qc7 12. Qc2 b6 13. Nb5 Qb8 14. Bxd6 Qb7 15. Bxf8 Kxf8 16. 0-0 Qc7 17. Nxc7 Rb8 18. Ng5 Kg8 19. Qd3 h6 20. Ngxe6 fxe6 21. Bxe6+ Bxe6 22. Nxe6 Re8 23. Nc7 Re7 24. Qc4+ Kh8 25. Qxc6 Rf7 26. Nd5 Rf8 27. Nxf6 Rxf6 28. Qc2 Rf8 29. Rfe1 Rf6 30. Re8+ Rf8 31. Rxf8# 1-0

[Event "GER-ch Net qual1 U14"]
[Site "Playchess.com INT"]
[Date "2012.09.01"]
[Round "6"]
[White "Caprita, Victor"]
[Black "Henning, Marvin"]
[Result "0-1"]
[WhiteElo "1347"]
[BlackElo "1569"]
[PlyCount "96"]
[EventDate "2012.09.01"]
[EventType "swiss (blitz)"]
[EventRounds "7"]
[EventCountry "GER"]
[SourceTitle "CBM 150 Extra"]
[Source "ChessBase"]
[SourceDate "2012.10.19"]
[SourceVersion "1"]
[SourceVersionDate "2012.10.19"]
[SourceQuality "1"]

1. d4 Nf6 2. c4 g6 3. Nc3 Bg7 4. e4 c6 5. f3 d5 6. cxd5 cxd5 7. e5 Nfd7 8. Bb5 Nc6 9. Nxd5 e6 10. Nc3 Qa5 11. Bd2 Qb6 12. Qc2 Nxd4 13. Bxd7+ Bxd7 14. Qc1 Bxe5 15. Bh6 Rc8 16. Nh3 Nb5 17. Be3 Qa6 18. 0-0 Nxc3 19. Qd2 Nd5 20. Bd4 Bxd4+ 21. Qxd4 Qb6 22. Qxb6 Nxb6 23. Ng5 h6 24. Ne4 Ke7 25. Rad1 Bc6 26. Nc5 Bxf3 27. Rxf3 Rxc5 28. Rdf1 Rf8 29. Rf6 Nc4 30. b3 Ne3 31. R1f3 Rc1+ 32. Kf2 Ng4+ 33. Kg3 Nxf6 34. a4 Rc2 35. Rf4 g5 36. Rb4 b6 37. a5 Nd5 38. Rb5 Rc3+ 39. Kf2 bxa5 40. Rb7+ Rc7 41. Rb5 Rfc8 42. h3 Rc2+ 43. Kg3 R2c3+ 44. Kh2 Nf4 45. Rxa5 Rc2 46. Rxa7+ Kf6 47. Kh1 Rxg2 48. b4 Rc1# 0-1

[Event "GER-ch Net qual1 U14"]
[Site "Playchess.com INT"]
[Date "2012.09.01"]
[Round "1"]
[White "Caprita, Victor"]
[Black "Janke, Hendrik"]
[Result "0-1"]
[WhiteElo "1347"]
[BlackElo "1570"]
[PlyCount "124"]
[EventDate "2012.09.01"]
[EventType "swiss (blitz)"]
[EventRounds "7"]
[EventCountry "GER"]
[SourceTitle "CBM 150 Extra"]
[Source "ChessBase"]
[SourceDate "2012.10.19"]
[SourceVersion "1"]
[SourceVersionDate "2012.10.19"]
[SourceQuality "1"]

1. d4 d5 2. c4 e6 3. Nc3 Nf6 4. Bg5 c6 5. e4 dxe4 6. Nxe4 Be7 7. Nxf6+ Bxf6 8. Bxf6 Qxf6 9. Nf3 0-0 10. Be2 Nd7 11. 0-0 Nb6 12. Qb3 Rd8 13. Rfd1 Nd7 14. Rac1 c5 15. dxc5 Nxc5 16. Rxd8+ Qxd8 17. Qb4 Qf8 18. Rd1 b6 19. Ne5 f6 20. Bf3 Bb7 21. Bxb7 Nxb7 22. Qxf8+ Kxf8 23. Rd7 Nc5 24. Rf7+ Kg8 25. Rc7 fxe5 26. Re7 Kf8 27. Rc7 Rd8 28. h3 Rd6 29. Rxa7 h6 30. Ra3 Rd2 31. b4 Ne4 32. f3 Nd6 33. c5 bxc5 34. bxc5 Nc8 35. Rc3 Ke7 36. a4 Ra2 37. Rc4 g5 38. Rb4 Rc2 39. Rb5 Kd7 40. a5 Kc6 41. Rb6+ Nxb6 42. cxb6 Ra2 43. a6 Rxa6 44. b7 Kxb7 45. Kf2 Kc6 46. Ke3 Kd5 47. Kf2 Ra3 48. Kg3 h5 49. h4 g4 50. Kf2 gxf3 51. gxf3 e4 52. fxe4+ Kxe4 53. Ke2 Ra2+ 54. Kd1 Kd3 55. Kc1 e5 56. Kb1 Rh2 57. Ka1 e4 58. Kb1 e3 59. Ka1 e2 60. Ka2 e1Q+ 61. Ka3 Qb1 62. Ka4 Ra2# 0-1

[Event "GER-chT U14"]
[Site "Lingen"]
[Date "2011.12.29"]
[Round "6.4"]
[White "Caprita, Victor"]
[Black "Truemper, Michael"]
[Result "1-0"]
[WhiteElo "1389"]
[BlackElo "1614"]
[PlyCount "71"]
[EventDate "2011.12.27"]
[EventType "team-swiss"]
[EventRounds "7"]
[EventCountry "GER"]
[SourceTitle "EXT 2022"]
[Source "ChessBase"]
[SourceDate "2021.10.06"]
[SourceVersion "1"]
[SourceVersionDate "2021.10.06"]
[SourceQuality "1"]
[WhiteTeam "Leipzig Gruen Weiss U14"]
[BlackTeam "Brackel SF U14"]
[WhiteTeamCountry "GER"]
[BlackTeamCountry "GER"]

1. d4 d5 2. c4 e6 3. Nc3 Nf6 4. Nf3 c6 5. Bf4 Bd6 6. Bg3 0-0 7. e3 Bb4 8. a3 Bxc3+ 9. bxc3 Ne4 10. Rc1 Qa5 11. Qb3 Nd7 12. Bd3 Nxg3 13. hxg3 h6 14. g4 Re8 15. cxd5 exd5 16. g5 hxg5 17. Nxg5 Qd8 18. Rh8+ Kxh8 19. Nxf7+ Kg8 20. Nxd8 Rxd8 21. Kd2 Nf6 22. f3 Rb8 23. Rh1 Kf7 24. e4 Be6 25. e5 Nd7 26. f4 Nb6 27. f5 Bd7 28. e6+ Bxe6 29. fxe6+ Kxe6 30. Re1+ Kf6 31. Qd1 Nc4+ 32. Kc2 g6 33. Qf3+ Kg7 34. Re7+ Kh6 35. Qf4+ g5 36. Rh7# 1-0

[Event "GER-ch Net qual3 U14"]
[Site "Playchess.com INT"]
[Date "2011.05.08"]
[Round "6"]
[White "Caprita, Victor"]
[Black "Fistoul, Boris"]
[Result "0-1"]
[WhiteElo "1318"]
[BlackElo "1460"]
[PlyCount "80"]
[EventDate "2011.05.08"]
[EventType "swiss (blitz)"]
[EventRounds "7"]
[EventCountry "GER"]
[SourceTitle "CBM 142 Extra"]
[Source "ChessBase"]
[SourceDate "2011.06.27"]
[SourceVersion "1"]
[SourceVersionDate "2011.06.27"]
[SourceQuality "1"]

1. d4 e6 2. c4 f5 3. Nc3 d5 4. Bf4 Nf6 5. e3 c6 6. Nf3 Be7 7. cxd5 exd5 8. Bd3 0-0 9. Qc2 Ne4 10. 0-0 g5 11. Be5 g4 12. Nd2 Nd7 13. Ndxe4 fxe4 14. Be2 Nxe5 15. dxe5 Qc7 16. Qd1 Qxe5 17. Bxg4 Bd6 18. g3 Qg5 19. Bxc8 Raxc8 20. h4 Qg6 21. Kh1 Rf7 22. Qe2 Rg7 23. Rg1 Rf8 24. Raf1 Rf3 25. a3 Qh6 26. Rg2 Bxg3 27. fxg3 Rfxg3 28. Rxg3 Rxg3 29. Qh2 Qxe3 30. Rg1 Qf3+ 31. Rg2 Qxg2+ 32. Qxg2 Rxg2 33. Kxg2 Kf7 34. Kf2 Kf6 35. Ne2 Kf5 36. h5 h6 37. Ng3+ Kf4 38. Ne2+ Kg4 39. Ng3 e3+ 40. Kg2 d4 0-1

[Event "GER-ch Net qual3 U14"]
[Site "Playchess.com INT"]
[Date "2011.05.08"]
[Round "1"]
[White "Meyers, Mark"]
[Black "Caprita, Victor"]
[Result "1-0"]
[WhiteElo "1688"]
[BlackElo "1318"]
[PlyCount "45"]
[EventDate "2011.05.08"]
[EventType "swiss (blitz)"]
[EventRounds "7"]
[EventCountry "GER"]
[SourceTitle "CBM 142 Extra"]
[Source "ChessBase"]
[SourceDate "2011.06.27"]
[SourceVersion "1"]
[SourceVersionDate "2011.06.27"]
[SourceQuality "1"]

1. c4 e5 2. g3 Nf6 3. Bg2 Bc5 4. Nc3 Nc6 5. Nf3 0-0 6. 0-0 d6 7. d3 Bf5 8. Bg5 h6 9. Bh4 g5 10. Nxg5 hxg5 11. Bxg5 Re8 12. Nd5 Re6 13. e4 Bg6 14. Bh3 Bh5 15. Nxf6+ Rxf6 16. Qxh5 Bd4 17. Bf5 Rxf5 18. exf5 f6 19. Qg6+ Kf8 20. Bh6+ Ke7 21. Qh7+ Ke8 22. Qg8+ Kd7 23. Qe6# 1-0

[Event "GER-ch Net qual2 U14"]
[Site "Playchess.com INT"]
[Date "2011.05.04"]
[Round "7"]
[White "Golosnyak, Alexander"]
[Black "Caprita, Victor"]
[Result "0-1"]
[WhiteElo "1449"]
[BlackElo "1319"]
[PlyCount "52"]
[EventDate "2011.05.04"]
[EventType "swiss (blitz)"]
[EventRounds "7"]
[EventCountry "GER"]
[SourceTitle "CBM 142 Extra"]
[Source "ChessBase"]
[SourceDate "2011.06.27"]
[SourceVersion "1"]
[SourceVersionDate "2011.06.27"]
[SourceQuality "1"]

1. e4 e5 2. Nf3 Nc6 3. Bb5 a6 4. Ba4 b5 5. Bb3 Nf6 6. d4 exd4 7. e5 Qe7 8. 0-0 Nh5 9. Bg5 f6 10. exf6 Nxf6 11. Re1 Qxe1+ 12. Qxe1+ Be7 13. Bxf6 gxf6 14. Bd5 Bb7 15. Nxd4 0-0-0 16. Nxc6 Bxc6 17. Bxc6 dxc6 18. Nc3 Bb4 19. Qe6+ Kb8 20. Qxc6 Rd6 21. Qf3 Rhd8 22. Rd1 Re8 23. h3 Rde6 24. Nd5 Bd6 25. Nxf6 Re1+ 26. Rxe1 Rxe1# 0-1

[Event "Sachsen-ch U12"]
[Site "Sebnitz"]
[Date "2011.04.30"]
[Round "7"]
[White "Caprita, Victor"]
[Black "Essler, Oskar"]
[Result "1-0"]
[WhiteElo "1323"]
[BlackElo "1511"]
[PlyCount "73"]
[EventDate "2011.04.26"]
[EventType "swiss"]
[EventRounds "7"]
[EventCountry "GER"]
[SourceTitle "EXT 2012"]
[Source "ChessBase"]
[SourceDate "2011.11.24"]
[SourceVersion "1"]
[SourceVersionDate "2011.11.24"]
[SourceQuality "1"]

1. d4 e6 2. c4 d5 3. Nc3 Nf6 4. Bf4 c5 5. e3 Nc6 6. Nf3 cxd4 7. exd4 a6 8. Be2 dxc4 9. Bxc4 b5 10. Be2 Bb7 11. 0-0 Be7 12. Re1 0-0 13. Rc1 Qb6 14. Be3 Ng4 15. Bd3 h6 16. h3 Nxe3 17. fxe3 Nb4 18. Bb1 Rfd8 19. a3 Nc6 20. Qc2 g6 21. Rcd1 Rac8 22. Ba2 Kg7 23. Qf2 Rf8 24. Kh1 Rcd8 25. Rf1 b4 26. axb4 Nxb4 27. Bc4 Bd5 28. Nxd5 exd5 29. Be2 Nc6 30. Bd3 Rb8 31. Rc1 Nb4 32. Bb1 Rbc8 33. Rxc8 Rxc8 34. Ne5 f5 35. Qg3 g5 36. Bxf5 Bd6 37. Bxc8 1-0

[Event "GER-chT U12"]
[Site "Gross Doelln"]
[Date "2010.12.27"]
[Round "1.3"]
[White "Caprita, Victor"]
[Black "Beckmann, Klaus1111"]
[Result "0-1"]
[WhiteElo "1175"]
[BlackElo "1153"]
[PlyCount "66"]
[EventDate "2010.12.27"]
[EventType "team-swiss"]
[EventRounds "7"]
[EventCountry "GER"]
[SourceTitle "CBM 140 Extra"]
[Source "ChessBase"]
[SourceDate "2011.03.01"]
[SourceVersion "1"]
[SourceVersionDate "2011.03.01"]
[SourceQuality "1"]
[WhiteTeam "Leipzig BSG Chemie U12"]
[BlackTeam "Raesfeld Erle U12"]
[WhiteTeamCountry "GER"]
[BlackTeamCountry "GER"]

1. d4 d5 2. c4 dxc4 3. e4 e6 4. Bxc4 Bb4+ 5. Nc3 Bxc3+ 6. bxc3 Nf6 7. Qc2 Nc6 8. Nf3 0-0 9. Bg5 h6 10. Bh4 g5 11. Bg3 Nh5 12. Be5 Nxe5 13. Nxe5 Qd6 14. 0-0 Bd7 15. Rab1 Rab8 16. h3 Rfc8 17. Ng4 Kg7 18. e5 Qc6 19. Bd3 Nf4 20. Be4 Qa4 21. Qxa4 Bxa4 22. Rxb7 Rxb7 23. Bxb7 Rb8 24. Bf3 Rb2 25. Ra1 Rc2 26. Bd1 Rxc3 27. Bxa4 Rd3 28. Bb3 Rxd4 29. Rc1 Ne2+ 30. Kh2 Nxc1 31. Bc2 Rd2 32. Ba4 Rxa2 33. Bc6 a5 0-1